Rozpočtovanie cash flow v podnikoch financovaných na princípe verejných zdrojov

Financovanie podnikov alebo organizácií čerpajúcich prostriedky z verejných zdrojov. Zásady hospodárenia s verejnými zdrojmi. Zabezpečenie kvalitne vypracovaného rozpočtu a uplatňovanie postupov tvorby podnikových rozpočtov.

Gespeichert in:
Bibliographische Detailangaben
1. Verfasser: Šagátová, Slavka, 1975-
Format: Buchkapitel
Sprache:Slowakisch
Schlagworte:
Tags: Tag hinzufügen
Keine Tags, Fügen Sie das erste Tag hinzu!

MARC

LEADER 00000naa$a2200000$$$4500
001 0167824
005 20240522124056.4
041 0 |a slo 
044 |a SK 
245 1 0 |a Rozpočtovanie cash flow v podnikoch financovaných na princípe verejných zdrojov  |c Slávka Šagátová 
520 |a Financovanie podnikov alebo organizácií čerpajúcich prostriedky z verejných zdrojov. Zásady hospodárenia s verejnými zdrojmi. Zabezpečenie kvalitne vypracovaného rozpočtu a uplatňovanie postupov tvorby podnikových rozpočtov. 
610 2 0 |a formy podnikov 
610 2 0 |a financovanie 
610 2 0 |a rozpočtovanie 
610 2 0 |a financie verejné 
610 2 0 |a rozpočet podnikový 
610 2 0 |a cash flow 
610 2 0 |a kontroling 
100 1 |a Šagátová, Slavka, 1975-